Different Cheerios Quiz Stats

Quiz Updated Aug 30, 2017

Also try: Cereal Slogans
Challenge
Share
Tweet
Embed
Score 0/15 Timer 02:00
1 Play Today
Types of Cheerios % Correct
Honey Nut Cheerios
94.1%
Cheerios
86.9%
Honey Nut Cheerios Medley Crunch
78.2%
Chocolate Cheerios
69.2%
Frosted Cheerios
54.4%
Multi Grain Cheerios
53.9%
Apple Cinnamon Cheerios
41.4%
Strawberry Cheerios
40.5%
Types of Cheerios % Correct
Fruity Cheerios
33.5%
Very Berry Cheerios
21.4%
Pumpkin Spice Cheerios
15.3%
Cheerios Protein Cinnamon Almond
8.2%
Cheerios Protein Oats & Honey
8.2%
Cheerios + Ancient Grains
6.1%
Multi Grain Dark Chocolate Crunch
6%

You're not logged in!

Compare scores with friends on all Sporcle quizzes.
Join for Free
OR
Log In

You Might Also Like...

Show Comments

Extras

Top Quizzes Today


Score Distribution

Your Account Isn't Verified!

In order to create a playlist on Sporcle, you need to verify the email address you used during registration. Go to your Sporcle Settings to finish the process.

Report this User

Report this user for behavior that violates our Community Guidelines.

Details: